[Event "Wch U18"]
[Site "Al Ain"]
[Date "2013.12.18"]
[Round "1"]
[White "Malureanu, Costin George"]
[Black "Idani, Pouya"]
[Result "0-1"]
[WhiteElo "2116"]
[BlackElo "2483"]
[PlyCount "32"]
[EventDate "2013.12.18"]
[EventType "swiss"]
[EventRounds "11"]
[EventCountry "UAE"]
[SourceTitle "CBM 158 Extra"]
[Source "ChessBase"]
[SourceDate "2014.02.28"]
[SourceVersion "1"]
[SourceVersionDate "2014.02.28"]
[SourceQuality "1"]

1. e4 c5 2. Nf3 d6 3. d4 Nf6 4. Nc3 cxd4 5. Nxd4 a6 6. f4 e5 7. Nf3 Nbd7 8. a4 Be7 9. Bc4 Qa5 10. Bd2 0-0 11. Qe2 exf4 12. Nd5 Qd8 13. Nxf4 Nc5 14. Bd3 Re8 15. 0-0 Bf8 16. e5 dxe5 0-1

[Event "ROM-chT"]
[Site "Mamaia"]
[Date "2013.09.04"]
[Round "5.6"]
[White "Hajbok, Robert"]
[Black "Malureanu, Costin George"]
[Result "1/2-1/2"]
[WhiteElo "2345"]
[BlackElo "2135"]
[PlyCount "69"]
[EventDate "2013.08.31"]
[EventType "team-tourn"]
[EventRounds "9"]
[EventCountry "ROU"]
[SourceTitle "CBM 156 Extra"]
[Source "ChessBase"]
[SourceDate "2013.10.22"]
[SourceVersion "1"]
[SourceVersionDate "2013.10.22"]
[SourceQuality "1"]
[WhiteTeam "Baia Mare"]
[BlackTeam "Techirghiol Victoria"]
[WhiteTeamCountry "ROU"]
[BlackTeamCountry "ROU"]

1. e4 c5 2. Nf3 Nc6 3. d4 cxd4 4. Nxd4 Nf6 5. Nc3 d6 6. Bg5 e6 7. Qd2 a6 8. 0-0-0 Bd7 9. f3 Be7 10. Be3 b5 11. Nxc6 Bxc6 12. Ne2 Bb7 13. g4 Nd7 14. Nd4 Qc7 15. Bg5 Ne5 16. Bxe7 Qxe7 17. Be2 d5 18. exd5 Bxd5 19. Qe3 Nc6 20. Nxc6 Bxc6 21. Qc3 Qg5+ 22. Rd2 Rc8 23. h4 Qf6 24. Qa3 a5 25. g5 Qf4 26. Rhd1 b4 27. Qxa5 0-0 28. Kb1 Bd5 29. Qb6 Qxh4 30. Qe3 f6 31. gxf6 Qxf6 32. Rd4 Ra8 33. Bc4 Qxf3 34. Qxf3 Bxf3 35. Bxe6+ 1/2-1/2

[Event "ROM-chT"]
[Site "Mamaia"]
[Date "2013.09.01"]
[Round "2.6"]
[White "Malureanu, Costin George"]
[Black "Vrencian, Lehel"]
[Result "1/2-1/2"]
[WhiteElo "2135"]
[BlackElo "2190"]
[PlyCount "82"]
[EventDate "2013.08.31"]
[EventType "team-tourn"]
[EventRounds "9"]
[EventCountry "ROU"]
[SourceTitle "CBM 156 Extra"]
[Source "ChessBase"]
[SourceDate "2013.10.22"]
[SourceVersion "1"]
[SourceVersionDate "2013.10.22"]
[SourceQuality "1"]
[WhiteTeam "Techirghiol Victoria"]
[BlackTeam "Resita Muncitorul"]
[WhiteTeamCountry "ROU"]
[BlackTeamCountry "ROU"]

1. e4 c5 2. Nf3 d6 3. Bc4 a6 4. c3 Nc6 5. Qe2 Nf6 6. h3 e6 7. Bb3 Be7 8. 0-0 0-0 9. Rd1 d5 10. e5 Nd7 11. d4 b5 12. Bc2 b4 13. c4 Nxd4 14. Nxd4 cxd4 15. cxd5 exd5 16. Rxd4 Nb6 17. a3 bxa3 18. Nxa3 Re8 19. Bf4 g6 20. b4 f6 21. Re1 Bd6 22. Nc4 Nxc4 23. Rxd5 Bb7 24. Qxc4 Bxd5 25. Qxd5+ Kh8 26. Be4 Bxb4 27. Rb1 Qxd5 28. Bxd5 Rad8 29. Bf7 Re7 30. exf6 Rxf7 31. Rxb4 Kg8 32. Be5 Ra7 33. g4 Kf7 34. h4 Rd5 35. f4 Rb5 36. Rd4 a5 37. Rd8 a4 38. Rh8 Ke6 39. Re8+ Kf7 40. Rh8 Ke6 41. Re8+ Kf7 1/2-1/2

[Event "ROM-ch U18"]
[Site "Calimanesti"]
[Date "2013.04.07"]
[Round "8"]
[White "Malureanu, Costin George"]
[Black "Dicu, Razvan Stefan"]
[Result "1-0"]
[WhiteElo "2119"]
[BlackElo "2241"]
[PlyCount "71"]
[EventDate "2013.04.02"]
[EventType "swiss"]
[EventRounds "9"]
[EventCountry "ROU"]
[SourceTitle "CBM 153 Extra"]
[Source "ChessBase"]
[SourceDate "2013.04.22"]
[SourceVersion "1"]
[SourceVersionDate "2013.04.22"]
[SourceQuality "1"]

1. e4 Nc6 2. d4 d5 3. exd5 Qxd5 4. Nf3 Bg4 5. Be2 0-0-0 6. Be3 e5 7. c4 Qa5+ 8. Bd2 Bb4 9. d5 Bxf3 10. Bxf3 Nd4 11. Nc3 Qa6 12. Be2 Nf6 13. a3 Bxc3 14. Bxc3 Rhe8 15. Bxd4 exd4 16. 0-0 Re7 17. Bd3 c5 18. b4 b6 19. a4 Kd7 20. a5 Ke8 21. Re1 Rxe1+ 22. Qxe1+ Kf8 23. axb6 Qxb6 24. bxc5 Qxc5 25. Qa5 Qxa5 26. Rxa5 Rd7 27. Kf1 Ke7 28. Ke2 g6 29. Bc2 h5 30. Kd3 Ng4 31. Kxd4 Nxh2 32. c5 Ng4 33. d6+ Kf6 34. Kd5 Ne5 35. f4 Ng4 36. Kc6 1-0

[Event "ROM-ch"]
[Site "Baile Olanesti"]
[Date "2013.02.22"]
[Round "9"]
[White "Bida, Mihai Eugen"]
[Black "Malureanu, Costin George"]
[Result "1/2-1/2"]
[WhiteElo "2212"]
[BlackElo "2098"]
[PlyCount "59"]
[EventDate "2013.02.16"]
[EventType "swiss"]
[EventRounds "11"]
[EventCountry "ROU"]
[SourceTitle "CBM 153 Extra"]
[Source "ChessBase"]
[SourceDate "2013.04.22"]
[SourceVersion "1"]
[SourceVersionDate "2013.04.22"]
[SourceQuality "1"]

1. e4 c5 2. Nf3 Nc6 3. d4 cxd4 4. Nxd4 e5 5. Nb5 a6 6. Nd6+ Bxd6 7. Qxd6 Qf6 8. Qxf6 Nxf6 9. Nc3 Nb4 10. Bd3 d6 11. Bg5 Nxd3+ 12. cxd3 Be6 13. f4 exf4 14. Bxf6 gxf6 15. 0-0 f5 16. Rxf4 fxe4 17. dxe4 0-0-0 18. Rd1 Kb8 19. h3 Rhg8 20. Kh2 Rg5 21. Rf6 Rg6 22. Rf3 b5 23. a3 Bc4 24. Rd4 Re8 25. a4 Re5 26. Rf2 h5 27. axb5 axb5 28. b3 Be6 29. Rb4 Rgg5 30. h4 1/2-1/2

[Event "ROM-chT"]
[Site "Mamaia"]
[Date "2012.09.29"]
[Round "8.6"]
[White "Stanciu, Alexandru Ovidiu"]
[Black "Malureanu, Costin George"]
[Result "1-0"]
[WhiteElo "2348"]
[BlackElo "2119"]
[PlyCount "48"]
[EventDate "2012.09.22"]
[EventType "team-tourn"]
[EventRounds "9"]
[EventCountry "ROU"]
[SourceTitle "CBM 150 Extra"]
[Source "ChessBase"]
[SourceDate "2012.10.19"]
[SourceVersion "1"]
[SourceVersionDate "2012.10.19"]
[SourceQuality "1"]
[WhiteTeam "Timisoara Medicina"]
[BlackTeam "Techirghiol Victoria"]
[WhiteTeamCountry "ROU"]
[BlackTeamCountry "ROU"]

1. Nf3 d5 2. c4 e6 3. g3 Nf6 4. Bg2 Be7 5. 0-0 0-0 6. b3 c6 7. Bb2 Nbd7 8. e3 b6 9. Qe2 Bb7 10. Nc3 Rc8 11. Rac1 a6 12. d3 c5 13. e4 d4 14. Nd1 Qc7 15. Ng5 e5 16. f4 b5 17. h4 bxc4 18. bxc4 Bc6 19. Nh3 Rb8 20. g4 exf4 21. Nxf4 Qa5 22. e5 Bxg2 23. Nxg2 Ne8 24. e6 Qc7 1-0

[Event "ROM-chT"]
[Site "Mamaia"]
[Date "2012.09.26"]
[Round "5.6"]
[White "Malureanu, Costin George"]
[Black "Stegariu, Vlad Ionut"]
[Result "1-0"]
[WhiteElo "2119"]
[BlackElo "2217"]
[PlyCount "95"]
[EventDate "2012.09.22"]
[EventType "team-tourn"]
[EventRounds "9"]
[EventCountry "ROU"]
[SourceTitle "CBM 150 Extra"]
[Source "ChessBase"]
[SourceDate "2012.10.19"]
[SourceVersion "1"]
[SourceVersionDate "2012.10.19"]
[SourceQuality "1"]
[WhiteTeam "Techirghiol Victoria"]
[BlackTeam "Iasi Politehnica"]
[WhiteTeamCountry "ROU"]
[BlackTeamCountry "ROU"]

1. e4 e5 2. Nf3 Nc6 3. d4 exd4 4. Nxd4 Nf6 5. Nxc6 bxc6 6. e5 Qe7 7. Qe2 Nd5 8. c4 Nb6 9. Nc3 a5 10. Qe4 Qe6 11. Bd3 Ba6 12. b3 d5 13. exd6 cxd6 14. Be3 Qxe4 15. Bxe4 d5 16. Bxb6 Bb4 17. 0-0-0 Bxc3 18. cxd5 cxd5 19. Rxd5 Bb7 20. Rd3 Bxe4 21. Rxc3 0-0 22. f3 Bd5 23. Rc5 Rfc8 24. Kb2 Rxc5 25. Bxc5 h5 26. Rd1 Be6 27. Rd4 Kh7 28. Bb6 Ra6 29. Bc7 Ra7 30. Bf4 Kg6 31. Ka3 Bd7 32. Be3 Rc7 33. Rd6+ Be6 34. Rd2 Rc6 35. Ka4 Ra6 36. Kb5 Ra8 37. Bb6 a4 38. bxa4 Kf5 39. a5 g5 40. a3 Rc8 41. a6 Bc4+ 42. Ka5 Ke6 43. Bf2 g4 44. fxg4 hxg4 45. a7 Bf1 46. Bg3 Rc5+ 47. Kb4 Rb5+ 48. Ka4 1-0

[Event "ROM-chT U18"]
[Site "Mamaia"]
[Date "2012.09.03"]
[Round "1"]
[White "Malureanu, Costin George"]
[Black "Camarascu, Radu Stefan"]
[Result "1-0"]
[WhiteElo "2149"]
[BlackElo "1790"]
[PlyCount "66"]
[EventDate "2012.09.03"]
[EventType "team-swiss"]
[EventRounds "7"]
[EventCountry "ROU"]
[SourceTitle "CBM 150 Extra"]
[Source "ChessBase"]
[SourceDate "2012.10.19"]
[SourceVersion "1"]
[SourceVersionDate "2012.10.19"]
[SourceQuality "1"]

1. e4 c5 2. Nf3 Nc6 3. Nc3 e6 4. d4 cxd4 5. Nxd4 Nf6 6. Nxc6 bxc6 7. e5 Nd5 8. Nxd5 cxd5 9. Bd3 Be7 10. Qg4 g6 11. h4 d6 12. h5 g5 13. f4 h6 14. Be3 Rb8 15. Bd4 f5 16. Qe2 Rg8 17. c3 Kf7 18. g4 gxf4 19. gxf5 exf5 20. 0-0-0 Bg5 21. Kb1 Re8 22. e6+ Rxe6 23. Qg2 Re7 24. Rde1 Be6 25. Rxe6 Rxe6 26. Bxf5 Qe7 27. Qxd5 Re8 28. Re1 a6 29. Bg4 a5 30. Qf5+ Bf6 31. Qg6+ Kf8 32. Qxh6+ Qg7 33. Qxg7+ Bxg7 1-0

[Event "ROM-ch"]
[Site "Sarata Monteoru"]
[Date "2012.02.21"]
[Round "11"]
[White "Gilea, Lucian"]
[Black "Malureanu, Costin George"]
[Result "1/2-1/2"]
[WhiteElo "2261"]
[BlackElo "2139"]
[PlyCount "38"]
[EventDate "2012.02.13"]
[EventType "swiss"]
[EventRounds "11"]
[EventCountry "ROU"]
[SourceTitle "CBM 147 Extra"]
[Source "ChessBase"]
[SourceDate "2012.04.24"]
[SourceVersion "1"]
[SourceVersionDate "2012.04.24"]
[SourceQuality "1"]

1. d4 d5 2. Nf3 Nf6 3. c4 e6 4. Nc3 Nbd7 5. g3 c6 6. Bg2 Bd6 7. 0-0 0-0 8. e4 Nxe4 9. Nxe4 dxe4 10. Ng5 Nf6 11. Nxe4 Nxe4 12. Bxe4 f5 13. Bg2 e5 14. d5 e4 15. Be3 Be5 16. f3 cxd5 17. cxd5 exf3 18. Qxf3 Qf6 19. Rad1 Bd7 1/2-1/2

[Event "ROM-ch"]
[Site "Sarata Monteoru"]
[Date "2012.02.20"]
[Round "10"]
[White "Malureanu, Costin George"]
[Black "Ursan, Cornel Marius"]
[Result "1-0"]
[WhiteElo "2139"]
[BlackElo "1990"]
[PlyCount "77"]
[EventDate "2012.02.13"]
[EventType "swiss"]
[EventRounds "11"]
[EventCountry "ROU"]
[SourceTitle "CBM 147 Extra"]
[Source "ChessBase"]
[SourceDate "2012.04.24"]
[SourceVersion "1"]
[SourceVersionDate "2012.04.24"]
[SourceQuality "1"]

1. e4 e5 2. Nf3 Nc6 3. Bb5 a6 4. Ba4 Nf6 5. d3 b5 6. Bb3 Be7 7. Nc3 d6 8. a4 Rb8 9. axb5 axb5 10. Nd5 Nxd5 11. exd5 Nd4 12. Nxd4 exd4 13. 0-0 0-0 14. Qf3 Bf6 15. Bd2 Be5 16. Ra7 Rb7 17. Ra8 Qh4 18. g3 Qh3 19. Rfa1 Bg4 20. Qg2 Qh5 21. Rxf8+ Kxf8 22. Ra8+ Ke7 23. f4 Bh3 24. Qf2 Qd1+ 25. Be1 Bf6 26. c4 Qxd3 27. Bc2 Qxc4 28. Ba5 Bg4 29. h3 Be2 30. Bf5 b4 31. Kh2 Bf1 32. Bc8 Rb6 33. Bxb6 cxb6 34. Bg4 Qc1 35. Rc8 Bc4 36. b3 Qf1 37. Qa2 Bh4 38. Rxc4 h5 39. Qe2+ 1-0

[Event "ROM-ch"]
[Site "Sarata Monteoru"]
[Date "2012.02.14"]
[Round "2"]
[White "Malureanu, Costin George"]
[Black "Petrisor, Adrian Marian"]
[Result "1/2-1/2"]
[WhiteElo "2139"]
[BlackElo "2385"]
[PlyCount "94"]
[EventDate "2012.02.13"]
[EventType "swiss"]
[EventRounds "11"]
[EventCountry "ROU"]
[SourceTitle "CBM 147 Extra"]
[Source "ChessBase"]
[SourceDate "2012.04.24"]
[SourceVersion "1"]
[SourceVersionDate "2012.04.24"]
[SourceQuality "1"]

1. e4 e6 2. d4 d5 3. Nc3 Bb4 4. e5 c5 5. a3 Bxc3+ 6. bxc3 Qa5 7. Bd2 Qa4 8. h4 Nc6 9. h5 h6 10. Nf3 c4 11. g4 Bd7 12. Bh3 0-0-0 13. Nh4 Nge7 14. f4 f6 15. 0-0 Rdf8 16. Be3 Be8 17. Qe2 f5 18. Kh1 Nd8 19. Rg1 Rhg8 20. gxf5 Nxf5 21. Bxf5 exf5 22. Ng6 Rf7 23. Bf2 Ne6 24. Bh4 Qd7 25. Qf3 Nf8 26. e6 Nxe6 27. Rae1 Kb8 28. Re5 Nc7 29. Rge1 a6 30. Kh2 Qa4 31. R1e2 Rd7 32. Ne7 Rf8 33. Nxf5 Rdf7 34. Nd6 Rxf4 35. Qg3 Bd7 36. Be7 Rf3 37. Qxg7 Rf2+ 38. Kg1 Rf1+ 39. Kg2 R8f4 40. Qh8+ Ka7 41. Nc8+ Bxc8 42. Qxc8 Qc6 43. Bc5+ b6 44. Re7 Rf7 45. Bxb6+ Kxb6 46. Qb8+ Qb7 47. R2e6+ Ka5 1/2-1/2

[Event "ROM-chT"]
[Site "Brasov"]
[Date "2011.10.16"]
[Round "9.2"]
[White "Malureanu, Costin George"]
[Black "Horvat, Dan Sebastian"]
[Result "1/2-1/2"]
[WhiteElo "2165"]
[BlackElo "2196"]
[PlyCount "44"]
[EventDate "2011.10.08"]
[EventType "team-tourn"]
[EventRounds "9"]
[EventCountry "ROU"]
[SourceTitle "CBM 144 Extra"]
[Source "ChessBase"]
[SourceDate "2011.10.28"]
[SourceVersion "1"]
[SourceVersionDate "2011.10.28"]
[SourceQuality "1"]
[WhiteTeam "Techirghiol Victoria"]
[BlackTeam "Resita Muncitorul"]
[WhiteTeamCountry "ROU"]
[BlackTeamCountry "ROU"]

1. e4 d6 2. d4 Nf6 3. Nc3 e5 4. Nf3 Nbd7 5. Bc4 Be7 6. 0-0 0-0 7. Qe2 c6 8. a4 a6 9. Rd1 Qc7 10. a5 exd4 11. Nxd4 Ne5 12. Bb3 c5 13. Nf3 Nxf3+ 14. gxf3 Be6 15. Nd5 Nxd5 16. Bxd5 Rae8 17. c3 Kh8 18. Qc4 Qc8 19. Bf4 Bxd5 20. Rxd5 f5 21. e5 dxe5 22. Rxe5 Qc6 1/2-1/2

[Event "ROM-chT"]
[Site "Brasov"]
[Date "2011.10.12"]
[Round "5.2"]
[White "Georgescu, Tiberiu Marian"]
[Black "Malureanu, Costin George"]
[Result "1-0"]
[WhiteElo "2391"]
[BlackElo "2165"]
[PlyCount "115"]
[EventDate "2011.10.08"]
[EventType "team-tourn"]
[EventRounds "9"]
[EventCountry "ROU"]
[SourceTitle "CBM 144 Extra"]
[Source "ChessBase"]
[SourceDate "2011.10.28"]
[SourceVersion "1"]
[SourceVersionDate "2011.10.28"]
[SourceQuality "1"]
[WhiteTeam "Bucharest Apa Nova"]
[BlackTeam "Techirghiol Victoria"]
[WhiteTeamCountry "ROU"]
[BlackTeamCountry "ROU"]

1. d4 d5 2. c4 c6 3. Nf3 e6 4. e3 Nf6 5. Bd3 Ne4 6. Nc3 f5 7. Ne5 Qf6 8. 0-0 Nd7 9. Nxd7 Bxd7 10. f3 Ng5 11. Kh1 Nf7 12. Qe2 Bb4 13. a3 Ba5 14. e4 0-0 15. e5 Qh4 16. Be3 dxc4 17. Bxc4 c5 18. Bf2 Qf4 19. Be3 Qh4 20. Bf2 Qe7 21. d5 Bxc3 22. d6 Qg5 23. bxc3 f4 24. Rfe1 a6 25. Bxc5 Nh6 26. Bf2 Rac8 27. Qa2 Rfe8 28. Rac1 Nf5 29. Bd3 Ne3 30. Bxe3 fxe3 31. Qb1 Qxe5 32. Bxh7+ Kh8 33. Qe4 Qg5 34. Bg6 Rf8 35. Qg4 Qxg4 36. fxg4 e2 37. Rxe2 Rxc3 38. Ree1 Rxc1 39. Rxc1 Bc6 40. Rd1 Rd8 41. Kg1 Kg8 42. Kf2 Bd5 43. Rc1 Bc6 44. Rd1 Bd5 45. Ke3 Rxd6 46. Be4 Kf7 47. Kf4 Ke7 48. Ke5 Rc6 49. Bxd5 exd5 50. Rxd5 Rc2 51. Kf5 Rxg2 52. h4 Rc2 53. Kg6 Rc4 54. Rg5 Kf8 55. Kh7 Rc7 56. Rf5+ Rf7 57. Rxf7+ Kxf7 58. g5 1-0

[Event "EU-ch U16"]
[Site "Albena"]
[Date "2011.09.18"]
[Round "7"]
[White "Shabanov, Nurlan Mammad"]
[Black "Malureanu, Costin George"]
[Result "1/2-1/2"]
[WhiteElo "1980"]
[BlackElo "2165"]
[PlyCount "107"]
[EventDate "2011.09.11"]
[EventType "swiss"]
[EventRounds "9"]
[EventCountry "BUL"]
[SourceTitle "CBM 144 Extra"]
[Source "ChessBase"]
[SourceDate "2011.10.28"]
[SourceVersion "1"]
[SourceVersionDate "2011.10.28"]
[SourceQuality "1"]

1. d4 d5 2. c4 e6 3. Nc3 c6 4. cxd5 exd5 5. Bf4 Bf5 6. e3 Nf6 7. Bd3 Bg6 8. Nge2 Be7 9. Bg5 Nbd7 10. 0-0 0-0 11. f3 Re8 12. Qc2 Nf8 13. Rae1 Ne6 14. Bh4 Rc8 15. Bf2 c5 16. Bxg6 hxg6 17. Rd1 Qa5 18. Qb3 c4 19. Qc2 b5 20. a3 Red8 21. e4 b4 22. axb4 Qxb4 23. Ra1 Ra8 24. Ra4 Qb3 25. Qxb3 cxb3 26. Rfa1 dxe4 27. fxe4 Rd7 28. h3 Ng5 29. d5 a5 30. h4 Ngh7 31. Rxa5 Rxa5 32. Rxa5 Ng4 33. Ra8+ Nf8 34. Bd4 Bxh4 35. e5 Rd8 36. Rxd8 Bxd8 37. Nc1 Nd7 38. Nxb3 Ndxe5 39. Nc5 Nc4 40. b4 Bc7 41. b5 Nce3 42. Bxe3 Nxe3 43. Nd7 Nc4 44. Ne4 Ne3 45. Nc3 Nc4 46. Na4 Ne3 47. Nc3 Nc4 48. Kf2 f6 49. Ke2 Kf7 50. Kd3 Nb2+ 51. Kc2 Nc4 52. Kd3 Nb2+ 53. Kc2 Nc4 54. Kb3 1/2-1/2

[Event "EU-ch U16"]
[Site "Albena"]
[Date "2011.09.15"]
[Round "5"]
[White "Real, Thibault"]
[Black "Malureanu, Costin George"]
[Result "0-1"]
[WhiteElo "1974"]
[BlackElo "2165"]
[PlyCount "40"]
[EventDate "2011.09.11"]
[EventType "swiss"]
[EventRounds "9"]
[EventCountry "BUL"]
[SourceTitle "CBM 144 Extra"]
[Source "ChessBase"]
[SourceDate "2011.10.28"]
[SourceVersion "1"]
[SourceVersionDate "2011.10.28"]
[SourceQuality "1"]

1. e4 c5 2. c3 Nf6 3. e5 Nd5 4. d4 cxd4 5. Nf3 d6 6. exd6 e6 7. c4 Nf6 8. Nxd4 Bd7 9. c5 Qa5+ 10. Nc3 Qxc5 11. Ndb5 Na6 12. Be3 Qe5 13. Qd4 Qxd4 14. Bxd4 Nd5 15. Nxd5 exd5 16. Bxa7 f6 17. Bb6 Kf7 18. 0-0-0 Rc8+ 19. Bc7 Bxb5 20. Bxb5 Bxd6 0-1

[Event "EU-ch U16"]
[Site "Albena"]
[Date "2011.09.13"]
[Round "3"]
[White "Giroyan, Gary"]
[Black "Malureanu, Costin George"]
[Result "1-0"]
[WhiteElo "2318"]
[BlackElo "2165"]
[PlyCount "86"]
[EventDate "2011.09.11"]
[EventType "swiss"]
[EventRounds "9"]
[EventCountry "BUL"]
[SourceTitle "CBM 144 Extra"]
[Source "ChessBase"]
[SourceDate "2011.10.28"]
[SourceVersion "1"]
[SourceVersionDate "2011.10.28"]
[SourceQuality "1"]

1. d4 d5 2. c4 e6 3. Nc3 Nf6 4. cxd5 exd5 5. Bg5 c6 6. Qc2 Be7 7. e3 Nbd7 8. Bd3 Nf8 9. Nge2 Ng6 10. 0-0-0 0-0 11. Ng3 Re8 12. h4 b5 13. h5 Nf8 14. Kb1 a5 15. Nf5 Bxf5 16. Bxf5 a4 17. g4 Qa5 18. Ne2 Ra6 19. Bf4 b4 20. Qd3 c5 21. dxc5 Ne4 22. Bxe4 dxe4 23. Qxe4 a3 24. b3 Qxc5 25. Rd5 Qc8 26. Qd3 Rc6 27. g5 Qa8 28. h6 Rec8 29. hxg7 Ng6 30. Ng3 Rc3 31. Qe4 Qc6 32. Rdd1 Rxb3+ 33. axb3 Qc3 34. Be5 Qxb3+ 35. Ka1 Rc2 36. Qxc2 Qxc2 37. Rc1 Qxf2 38. Rc8+ Nf8 39. gxf8Q+ Bxf8 40. Ne4 Qf5 41. Nf6+ Kg7 42. Nd7+ Kg6 43. Nxf8+ Kxg5 1-0

[Event "ROM-ch op"]
[Site "Sarata Monteoru"]
[Date "2011.02.17"]
[Round "8"]
[White "Malureanu, Costin George"]
[Black "Bratu, Gheorghe"]
[Result "1-0"]
[WhiteElo "2138"]
[BlackElo "1875"]
[PlyCount "69"]
[EventDate "2011.02.12"]
[EventType "swiss"]
[EventRounds "11"]
[EventCountry "ROU"]
[SourceTitle "CBM 140 Extra"]
[Source "ChessBase"]
[SourceDate "2011.03.01"]
[SourceVersion "1"]
[SourceVersionDate "2011.03.01"]
[SourceQuality "1"]

1. e4 e5 2. Bc4 Nf6 3. d3 Bc5 4. Nf3 d6 5. 0-0 Be6 6. Nbd2 Nc6 7. c3 Bxc4 8. Nxc4 b5 9. Ncd2 h6 10. a4 a6 11. Qb3 Rb8 12. axb5 axb5 13. Rd1 0-0 14. Nf1 Qd7 15. Qc2 Ra8 16. Rxa8 Rxa8 17. Ng3 Ra1 18. Nf5 Ne7 19. Ng3 Ng6 20. b3 c6 21. d4 exd4 22. cxd4 Ba3 23. Bxa3 Rxa3 24. b4 Ne7 25. Nh4 g6 26. Re1 Qa7 27. e5 dxe5 28. dxe5 Nfd5 29. e6 f5 30. Nxg6 Nxg6 31. Qxc6 Qa8 32. Qd7 Nde7 33. Qd4 Qf8 34. Nh5 Qa8 35. Qg7# 1-0

[Event "Wch U16"]
[Site "Porto Carras"]
[Date "2010.10.23"]
[Round "4"]
[White "Malureanu, Costin George"]
[Black "Weichhold, Pawel"]
[Result "0-1"]
[WhiteElo "2146"]
[BlackElo "2291"]
[PlyCount "70"]
[EventDate "2010.10.20"]
[EventType "swiss"]
[EventRounds "11"]
[EventCountry "GRE"]
[SourceTitle "EXT 2011"]
[Source "ChessBase"]
[SourceDate "2010.11.26"]
[SourceVersion "1"]
[SourceVersionDate "2010.11.26"]
[SourceQuality "1"]

1. e4 c5 2. Nf3 d6 3. d4 cxd4 4. Nxd4 Nf6 5. Nc3 Nc6 6. f3 Qb6 7. Nb3 e6 8. Bf4 Ne5 9. Qd2 a6 10. 0-0-0 Be7 11. h3 Qc7 12. Bh2 0-0 13. f4 Nc4 14. Bxc4 Qxc4 15. Qe3 Nd7 16. g4 b5 17. g5 a5 18. f5 a4 19. Nd2 Qc6 20. f6 Bd8 21. Nf3 b4 22. Nd4 Qc4 23. Nb1 Ne5 24. Nf3 Nxf3 25. Qxf3 d5 26. Bd6 Re8 27. e5 Qxa2 28. Rhg1 a3 29. bxa3 bxa3 30. Nxa3 g6 31. h4 Bc7 32. Nb1 Bxd6 33. exd6 Bd7 34. h5 Rec8 35. Rg2 Rab8 0-1